Introduction to environmental physics : planet earth, life and climate
Αποθηκεύτηκε σε:
| Κύριος συγγραφέας: | |
|---|---|
| Άλλοι συγγραφείς: | , |
| Μορφή: | Βιβλίο |
| Γλώσσα: | English |
| Δημοσίευση: |
London; New York :
Taylor & Francis,
2001
|
| Θέματα: | |
| Ετικέτες: |
Προσθήκη ετικέτας
Δεν υπάρχουν, Καταχωρήστε ετικέτα πρώτοι!
|
MARC
| LEADER | 00000nam a2200000 i 4500 | ||
|---|---|---|---|
| 001 | 1/84130 | ||
| 008 | 050826s2001 eng d | ||
| 020 | |a 0-7484-0765-0 | ||
| 035 | |l 10079946 | ||
| 040 | |a GR-MY-UA |b gre |e aacr | ||
| 041 | 0 | |a eng | |
| 082 | 0 | |a 333.7 |2 (22) | |
| 100 | 1 | |a Mason, Nigel. | |
| 245 | 1 | 0 | |a Introduction to environmental physics : |b planet earth, life and climate / |c Nigel Mason, Peter Hughwa, Randall McMullan ...[et al.] |
| 260 | |a London; New York : |b Taylor & Francis, |c 2001 | ||
| 300 | |a xxiv, 463 σ.; |b εικ., χαρτ.; |c 25 εκ. | ||
| 504 | |a Περιέχει βιβλιογραφία και ευρετήριο | ||
| 650 | 0 | 0 | |a Environmental sciences. |
| 650 | 0 | 0 | |a Physics. |
| 650 | 0 | 0 | |a Atmospheric physics. |
| 700 | 1 | |a Hughes, Peter. | |
| 700 | 1 | |a McMullan, Randall. | |
| 852 | |a INST |b LESVOS |e 20050826 |h 333.7 MAS |p 005100031833 |q 005100031833 |t BK |y 0 | ||
| 901 | |a BIBL1-2005-2 | ||
| 909 | |a Λ |b 123898 | ||
| 920 | |a ΕΠΕΑΕΚ ΠΕΡΙΒΑΛΛΟΝΤΟΣ |y ΛΕΣΒΟΣ |z 2005-07 | ||
| 970 | |a ΚΑΡΑ |b ΓΙΑΣΕΜΗ |z 2005/08/26 | ||